Loading...
Social Science | 0 | 3 | 0 | 0 | 30 | 81 | 96.67 | 3 | 3 |
Science - Chemistry | 0 | 3 | 0 | 2 | 30 | 119 | 125.33 | 2 | 3 |
Literature - American Literature | 0 | 2 | 0 | 0 | 20 | 85 | 101.50 | 1 | 2 |
Science - Other Science | 0 | 2 | 1 | 0 | 15 | 72 | 76.00 | 1 | 2 |
Science - Biology | 0 | 2 | 1 | 0 | 15 | 85 | 99.50 | 2 | 2 |
Other | 0 | 1 | 0 | 1 | 10 | 110 | 110.00 | 0 | 1 |
Philosophy | 0 | 1 | 0 | 0 | 10 | 110 | 110.00 | 0 | 1 |
Mythology | 0 | 1 | 0 | 0 | 10 | 137 | 137.00 | 0 | 1 |
Fine Arts - Painting & Sculpture | 0 | 1 | 0 | 0 | 10 | 63 | 63.00 | 1 | 1 |
History - European History | 0 | 1 | 0 | 0 | 10 | 103 | 103.00 | 0 | 1 |
Literature - European Literature | 0 | 1 | 0 | 0 | 10 | 128 | 128.00 | 0 | 1 |
Fine Arts - Other Fine Arts | 0 | 1 | 0 | 0 | 10 | 67 | 67.00 | 1 | 1 |
Literature - British Literature | 0 | 0 | 1 | 0 | -5 | 0.00 | 0 | 0 | |
Science - Physics | 0 | 0 | 1 | 0 | -5 | 0.00 | 0 | 0 | |
History - World History | 0 | 0 | 1 | 0 | -5 | 0.00 | 0 | 0 |